01008nam a2200253 a 450000100060000000300080000600500170001400800410003103500190007204000270009104100080011808200260012610000380015224501230019026000900031330000240040350400300042765000400045765100400049765100460053794200120058399900170059595201420061245862BD-RjUL20211209054058.0160728s1973 mau b 000 0 eng  a(BD-RjUL)45980 aDLCcDLCdBD-RjULbeng aeng00a378.669223bBEP 19731 aVan den Berghe, Pierre L.914025710aPower and privilege at an African university /cPierre L. van den Berghe. With the assistance of Paul Alabi and others aCambridge, Mass. :bSchenkman Pub. Co.; distributed by General Learning Press,cc1973 ax, 273 p. ;c24 cm. aBibliography: p. 269-273. 0aEducation, HigherzNigeria.9140258 0aNigeriaxIntellectual life.9140259 0aNigeriaxSocial conditionsy1960-9140260 2ddccBK c45862d45862 00102ddc40708NFICaRUCLbRUCLcStackd1977-03-30eLions international l0o378.669 BEP 1973r2016-07-28 00:00:00tC-2w2016-07-28yBK